| 000 | 00790nam a2200217 a 4500 | ||
|---|---|---|---|
| 003 | CBULib | ||
| 005 | 20240424082324.0 | ||
| 008 | 100225s2004 ||||||||||||||||| || u | ||
| 040 |
_aCBULib _bEnglish _cCBULib _dCBULib _erda |
||
| 050 | _aUN-ECA(02)2004/7 | ||
| 110 | _aUnited Nations Economic Commission For Africa(UNECA) | ||
| 245 | 1 | 0 |
_aAfrica's sustainable development bulletin _c/by United Nations Economic Commission for Africa (UNECA) |
| 260 |
_aAddis Ababa _bUNITED NATIONS _c2004 |
||
| 300 | _av, 42pages. : illustrations | ||
| 336 |
_2rdacontent _aText | _btxt |
||
| 337 |
_2rdamedia _aUnmediated | _bn |
||
| 338 |
_2rdacarrier _aVolume _bnc |
||
| 650 | 0 | _aSUSTAINABLE DEVELOPMENT--AFRICA | |
| 942 |
_2mc _c030 |
||
| 999 |
_c33841 _d33841 |
||